000 00720nam a2200241Ia 4500
003 OSt
005 20220925195556.0
006 a|||||r|||| 00| 0
007 ta
008 220923b |||||||| |||| 00| 0 eng d
037 _cGeneral Book
040 _aRTL
_cRTL
_beng
041 _2eng
_aeng
082 _aY9(Z).52.K, N1
100 _aKuehn Thomas
_9254962
245 0 _aLaw, family and women
_b Toward a legal anthropology of renaissanc Italy
260 _aChicago
_bUniversity of Chicago
_c1991
300 _axiii, 415p
_ccm.
500 _aBibliography: P 345-99
650 _aSociology of Law
_9230017
942 _hY9(Z).52.K, N1
_cGB
_2CC
999 _c533483
_d533483